<?xml version="1.0" encoding="UTF-8"?><?xml-stylesheet type="text/xsl" href="static/style.xsl"?><OAI-PMH xmlns="http://www.openarchives.org/OAI/2.0/" xmlns:xsi="http://www.w3.org/2001/XMLSchema-instance" xsi:schemaLocation="http://www.openarchives.org/OAI/2.0/ http://www.openarchives.org/OAI/2.0/OAI-PMH.xsd"><responseDate>2026-04-17T11:50:09Z</responseDate><request verb="GetRecord" identifier="oai:www.recercat.cat:10459.1/83572" metadataPrefix="marc">https://recercat.cat/oai/request</request><GetRecord><record><header><identifier>oai:recercat.cat:10459.1/83572</identifier><datestamp>2024-12-05T22:11:37Z</datestamp><setSpec>com_2072_3622</setSpec><setSpec>col_2072_479130</setSpec></header><metadata><record xmlns="http://www.loc.gov/MARC21/slim" xmlns:dcterms="http://purl.org/dc/terms/" xmlns:xsi="http://www.w3.org/2001/XMLSchema-instance" xmlns:doc="http://www.lyncode.com/xoai" xsi:schemaLocation="http://www.loc.gov/MARC21/slim http://www.loc.gov/standards/marcxml/schema/MARC21slim.xsd">
   <leader>00925njm 22002777a 4500</leader>
   <datafield ind2=" " ind1=" " tag="042">
      <subfield code="a">dc</subfield>
   </datafield>
   <datafield ind2=" " ind1=" " tag="720">
      <subfield code="a">Alonso Logroño, María Pilar</subfield>
      <subfield code="e">author</subfield>
   </datafield>
   <datafield ind2=" " ind1=" " tag="720">
      <subfield code="a">Bautista-Puig, Núria</subfield>
      <subfield code="e">author</subfield>
   </datafield>
   <datafield ind2=" " ind1=" " tag="260">
      <subfield code="c">2022-07-04T13:29:28Z</subfield>
   </datafield>
   <datafield ind2=" " ind1=" " tag="260">
      <subfield code="c">2022-07-04T13:29:28Z</subfield>
   </datafield>
   <datafield ind2=" " ind1=" " tag="260">
      <subfield code="c">2022-02-24</subfield>
   </datafield>
   <datafield ind2=" " ind1=" " tag="520">
      <subfield code="a">Una de las primeras tareas para abordar cualquier trabajo académico es revisar las publicaciones llevadas a cabo sobre el tema. En este artículo se presenta una metodología que permite analizar las tendencias científicas en una disciplina a través de un análisis bibliométrico. En concreto, se examina su utilidad para estudiar los trabajos en el campo de la Geografía Económica; para ello se ha elegido como base de datos para su análisis la Web of Science (WoS). Con un conjunto de 4,307 publicaciones se analizan varios indicadores bibliométricos como la evolución de la producción científica, los agentes involucrados (países y organizaciones) y temas abordados, con el objetivo de ver la trayectoria del volumen de trabajos y las especializaciones temáticas de la Geografía Económica desde 1920 a la actualidad.</subfield>
   </datafield>
   <datafield ind2=" " ind1=" " tag="520">
      <subfield code="a">One of the first tasks to tackle any scientific publication is to review all the scientific literature on the subject. This article presents a methodology that allows analyzing scientific trends in a discipline through a bibliometric analysis. Specifically, the field of Economic Geography is used as a case study, Web of Science (WoS) has been chosen as the database for this analysis. With a set of 4,307 publications, various bibliometric indicators are analyzed, such as the evolution of scientific production, the agents involved (countries and organizations) and topics addressed, in order to see the evolution of the scientific output and the thematic specializations of Economic Geography from 1920 to the present.</subfield>
   </datafield>
   <datafield ind2=" " ind1=" " tag="520">
      <subfield code="a">Se agradece el apoyo de financiación del proyecto “Innovación Socioeconómica y estrategias post-pandemia en los espacios metropolitanos de Valencia y Zaragoza” (PID2020-112734RB-C31), financiado por MCIN/ AEI/10.13039/501100011033/.</subfield>
   </datafield>
   <datafield ind1="8" ind2=" " tag="024">
      <subfield code="a">http://hdl.handle.net/10459.1/83572</subfield>
   </datafield>
   <datafield tag="653" ind2=" " ind1=" ">
      <subfield code="a">Análisis bibliométrico</subfield>
   </datafield>
   <datafield tag="653" ind2=" " ind1=" ">
      <subfield code="a">Geografía Económica</subfield>
   </datafield>
   <datafield tag="653" ind2=" " ind1=" ">
      <subfield code="a">Web of Science</subfield>
   </datafield>
   <datafield tag="653" ind2=" " ind1=" ">
      <subfield code="a">Topic modelling</subfield>
   </datafield>
   <datafield tag="653" ind2=" " ind1=" ">
      <subfield code="a">Bibliometric analysis</subfield>
   </datafield>
   <datafield tag="653" ind2=" " ind1=" ">
      <subfield code="a">Economic geography</subfield>
   </datafield>
   <datafield ind2="0" ind1="0" tag="245">
      <subfield code="a">Tendencias de investigación en Geografía Económica : estudio bibliométrico de la Web of Science (1920-2020)</subfield>
   </datafield>
   <datafield ind2="0" ind1="0" tag="245">
      <subfield code="a">Research trends in Economic Geography : Bibliometric study of the Web of Science (1920-2020)</subfield>
   </datafield>
</record></metadata></record></GetRecord></OAI-PMH>